| 000 | 00691nam a22001935i 4500 | ||
|---|---|---|---|
| 001 | 54340 | ||
| 003 | ES-MaACL | ||
| 005 | 20230906162935.0 | ||
| 007 | t| | ||
| 008 | 960717s1881 sp ||||1| spa d | ||
| 040 |
_aCAM _bspa _cCAM |
||
| 100 | 1 |
_aFola Igurbide, Apolinar. _951434 |
|
| 245 | 1 | 0 |
_aInvestigaciones filosófico-matemáticas sobre las cantidades imaginarias / _cpor Apolinar Fola Igurbide. |
| 260 |
_aValencia : _b[s.n.], _c1881 ( _fImprenta de Manuel Alufre) |
||
| 300 |
_a166, [2] p. ; _c25 cm. |
||
| 500 | _aEn la cub.: Primera sección. | ||
| 650 | 4 |
_aNúmeros complejos. _9148686 |
|
| 852 |
_aES-MaACL _jT-828-F-2 _z.- Enc. en un vol. facticio conservando la enc. original |
||
| 999 |
_c54340 _d54340 |
||